书目信息 |
| 题名: |
赛车总动员
|
|
| 作者: | 杨帆 译注 | |
| 分册: | ||
| 出版信息: | 上海 上海外语教育出版社 2009.08 |
|
| 页数: | 193页, 8 页图版 | |
| 开本: | 21cm | |
| 丛书名: | 迪士尼电影读物 | |
| 单 册: | ||
| 中图分类: | H319.4 | |
| 科图分类: | ||
| 主题词: | 英语--汉语--对照读物 | |
| 电子资源: | ||
| ISBN: | 978-7-5446-1326-2 | |
| 000 | 01077cam2 2200253 450 | |
| 001 | 012010610662 | |
| 005 | 20100528110413.29 | |
| 009 | 012004385991 | |
| 010 | @a978-7-5446-1326-2@dCNY16.00 | |
| 100 | @a20100515d2009 em y0chiy0110 ea | |
| 101 | 2 | @achi@aeng@ceng |
| 102 | @aCN@b310000 | |
| 105 | @aaf z 000yy | |
| 200 | 1 | @a赛车总动员@Asai che zong dong yuan@f杨帆译注@Fyang fan yi zhu |
| 210 | @a上海@c上海外语教育出版社@d2009.08 | |
| 215 | @a193页, 8 页图版@c图@d21cm | |
| 225 | 2 | @a迪士尼电影读物@e英汉对照@v3 |
| 330 | @a《迪士尼电影读物》是上海外语教育出版社引进编译的一套英汉对照读物,有助于读者提高英语阅读能力。全套读物共24本,向读者展现了永不落幕的迪士尼经典电影故事。温馨感人的情节、简明易懂的文字、精美传神的插图,带领读者进入奇妙的迪士尼世界,读者在阅读纯正地道的美式英语的同时可以重温经典、启发心智、丰富生活。这套读物值得永久珍藏。《赛车总动员》为该套读物之一种。 | |
| 410 | 0 | @12001 @a迪士尼电影读物@v3 |
| 606 | 0 | @a英语@x汉语@j对照读物 |
| 690 | @aH319.4@v4 | |
| 701 | 0 | @a杨帆@Ayang fan@4译注 |
| 801 | 0 | @aCN@c20100515 |
| 905 | @dH319.4@eY175-2@f3 | |
| 赛车总动员/杨帆译注.-上海:上海外语教育出版社,2009.08 |
| 193页, 8 页图版:图;21cm.-(迪士尼电影读物:英汉对照;3) |
| ISBN 978-7-5446-1326-2:CNY16.00 |
| 《迪士尼电影读物》是上海外语教育出版社引进编译的一套英汉对照读物,有助于读者提高英语阅读能力。全套读物共24本,向读者展现了永不落幕的迪士尼经典电影故事。温馨感人的情节、简明易懂的文字、精美传神的插图,带领读者进入奇妙的迪士尼世界,读者在阅读纯正地道的美式英语的同时可以重温经典、启发心智、丰富生活。这套读物值得永久珍藏。《赛车总动员》为该套读物之一种。 |
| ● |
| 相关链接 |
|
|
|
正题名:赛车总动员
索取号:H319.4/Y175-2
 
预约/预借
| 序号 | 登录号 | 条形码 | 馆藏地/架位号 | 状态 | 备注 |
| 1 | 984341 | 209843419 | 语言库209/209语言库 50排3列5层/ [索取号:H319.4/Y175-2] | 在馆 | |
| 2 | 984342 | 209843428 | 语言库209/209语言库 50排3列5层/ [索取号:H319.4/Y175-2] | 在馆 | |
| 3 | 984343 | 209843437 | 语言库209/209语言库 50排3列5层/ [索取号:H319.4/Y175-2] | 在馆 |